000 00544nam a22001815i 4500
001 52989
003 ES-MaACL
005 20230906162701.0
007 t|
008 950907s1887 fr ||||1| fre d
040 _aCAM
_bspa
_cCAM
100 1 _aDosson, Simon-Noƫ.
_9152590
245 1 0 _aEtude sur Quinte Curce
_b: sa vie et son oeuvre /
_cpar S. Dosson.
260 _aParis :
_bHachette et Cie.,
_c1887 (
_fP. Brodard et Gallois)
300 _a[6], 384 p. ;
_c22 cm.
600 1 4 _aCurcio Rufo, Quinto.
_942203
852 _aES-MaACL
_jF-12738
999 _c52989
_d52989